| 000 | 004440000a22001690004500 | ||
|---|---|---|---|
| 003 | MACL | ||
| 005 | 20151219125330.0 | ||
| 008 | 151219b xxu||||| |||| 00| 0 eng d | ||
| 040 |
_aMACL _cMACL |
||
| 041 | _aEnglish | ||
| 082 | _a150/TOD | ||
| 100 |
_aTodd, Judith _921280 |
||
| 245 | _aFoundations of Clinical and Counseling Psychology | ||
| 260 |
_bLongman's Green And Co _c1999 |
||
| 650 |
_aPsychololgy _921282 |
||
| 942 |
_cBK _k150/TOD _2ddc |
||
| 999 |
_c40366 _d40366 |
||